00405nam a2200169Ia 4500008004100000020001800041041000800059082001300067100001000080245003900090260003900129300000900168440001000177500002300187650001500210700001000225230125s9999 xx 000 0 und d a81-314-1180-X aeng a658bICF aICFAI aCase Studies in Management : Vol 9 c2007bICFAI publicationaHyderabad a250p aICFAI aICFAI Case Studies aManagement aICFAI